000 00499nam a22001697a 4500
005 20251108164048.0
008 250721s9999 xx 000 0 ara d
082 1 4 _a216,9/احم
100 1 _aأبو شنب، أحمد عبد الكريم
245 1 0 _aقاعدة الشورى في مجتمع معاصر /
264 1 _aعمان :
_bدار البيرق،
_c[19-].
300 _a103ص
650 1 7 _aالأحكام السلطانية
650 1 7 _aالشورى
942 _2ddc
_cBK
999 _c2639
_d2639